00000000cam 2200000zi 4500
0019.956108
003CaOODSP
00520251209140357
006m     o  d f      
007cr mn|||||||||
008251008e202511##onca    ob   f000 0 eng d
020 |a9780660792569
040 |aCaOODSP|beng|erda|cCaOODSP
043 |an-cn-bc|apn-----
045 |ax2y2
0861 |aFs70-6/2025-054E-PDF
24500|aOutside lingcod (Ophiodon elongatus) stock assessment for British Columbia in 2025.
24617|aOutside lingcod stock assessment 2025
264 1|a[Ottawa] : |bCanadian Science Advisory Secretariat, |cNovember 2025.
264 4|c©2025
300 |a1 online resource (17 pages) : |billustrations (chiefly colour).
336 |atext|btxt|2rdacontent
337 |acomputer|bc|2rdamedia
338 |aonline resource|bcr|2rdacarrier
4901 |aScience advisory report, |x1919-5087 ; |v2025/054
500 |aIssued also in French under title: Évaluation du stock de morue-lingue (Ophiodon elongatus) des eaux extérieures de la Colombie-Britannique en 2025.
500 |aTitle from caption.
504 |aIncludes bibliographical references (pages 12-13).
650 0|aLingcod|zBritish Columbia|zPacific Coast.
650 0|aLingcod fisheries|zBritish Columbia|zPacific Coast.
650 0|aFish stock assessment|zBritish Columbia|zPacific Coast.
7102 |aCanadian Science Advisory Secretariat, |eissuing body.
7101 |aCanada. |bDepartment of Fisheries and Oceans. |bPacific Region, |eissuing body.
77508|tÉvaluation du stock de morue-lingue (Ophiodon elongatus) des eaux extérieures de la Colombie-Britannique en 2025.|w(CaOODSP)9.956109
830#0|aScience advisory report (Canadian Science Advisory Secretariat)|v2025/054.|w(CaOODSP)9.506226
85640|qPDF|s881 KB|uhttps://publications.gc.ca/collections/collection_2025/mpo-dfo/fs70-6/Fs70-6-2025-054-eng.pdf